| 000 | 00788nam a2200265 a 4500 | ||
|---|---|---|---|
| 001 | 917990 | ||
| 003 | GBCCL | ||
| 005 | 20241126110350.0 | ||
| 008 | 830919s1983 miu b 001 0 eng | ||
| 010 | _a 82074065 | ||
| 020 | _a0801042674 | ||
| 040 |
_aDLC _cDLC _dDLC |
||
| 050 | 0 | 0 |
_aBJ1251 _b.H84 1983 |
| 082 | 0 | 0 |
_a241.67 _219 _bHUG |
| 100 | 1 |
_aHughes, Philip Edgcumbe. _91585 |
|
| 245 | 1 | 0 |
_aChristian ethics in secular society / _cPhilip Edgcumbe Hughes. |
| 260 |
_aGrand Rapids, Mich. : _bBaker Book House, _cc1983. |
||
| 300 |
_a223 p. ; _c24 cm. |
||
| 500 | _a"A Canterbury book."--Jacket. | ||
| 500 | _aIncludes index. | ||
| 504 | _aBibliography: p. 213-214. | ||
| 650 | 0 |
_aChristian ethics. _968 |
|
| 906 |
_a7 _bcbc _corignew _d3 _eopcn _f19 _gy-gencatlg |
||
| 942 |
_2ddc _cBK _06 |
||
| 999 |
_c964 _d964 |
||